01501nam a2200337 i 450000500170000000800410001701500170005802000150007504000350009004100080012504400070013308200200014010000290016024501520018926000610034130000370040250400430043965000500048265000510053265000130058365000590059665000500065565000290070570000370073470000330077194200150080494900130081999900150083295201530084795201630100020160108102140.0120516s2003 ck a gr 000 0dspa d ack-2003-xxxx a9583345539 aCO-BoBLA cCO-BoBLAdCO-BoIAVH0 aspa ack04a599.8098bP43p 1 aPereira-Bengoa, Victoria10aPrimatología del nuevo mundo : bbiología, medicina, manejo y conservación / cVictoria Pereira-Bengoa, Fernando Nassar-Montoya, Anne Savage. aBogotá : bCentro de Primatología Araguatos, c2003. avii, ii, 291 páginas ;c24 cm. aIncluye referencias bibliográficas. 14aPrimatesx Investigacionesz América Latina14aPrimatesxConservación de especieszColombia14aPrimates24aConservación de la vida silvestrez América Latina24aConservación biológicaz América Latina24aMonosz América Latina1 aNassar Montoya, Fernando.eautor1 aSavage, Anne, d1961-eautor 2ddccLIBRO an bn c4085d4085 00102ddc40708GENERALIINV2017aBogotabBogotad2004-08-19eInstitutol0oLB-599.8098 P43pp016489r2012-12-04 00:00:00tEj. 1w2012-12-04yLIBRO 00102ddc40708GENERALIINV2017aVenadobVenadod2009-07-30eInstitutol0oLB-599.8098 P43pp027384r2012-12-04 00:00:00tEj. 2w2012-12-04xDonacionyLIBRO